000
00335nam a2200145Ia 4500
005
20251222141927.0
008
251222s9999||||xx |||||||||||||| ||spa||
020
_a
84-7844-400-9
082
_a
858.98/C17C
100
_a
Calvino, Italo
245
0
_a
Cuentos Populares Italianos
250
_a
5a.ed.
264
_b
Siruela
942
_c
LIB
999
_c
8899
_d
8899